| 000 | 00929nam a22002177a 4500 | ||
|---|---|---|---|
| 005 | 20150708142943.0 | ||
| 008 | 140325s2012 ck ado gr|||||000 0|spa d | ||
| 041 | _aspa | ||
| 044 | _ack | ||
| 082 | 0 | 4 |
_a333.72 _bC718e |
| 110 | 1 |
_9169 _aMinisterio de Ambiente y Desarrollo Sostenible _bMinisterio de Ambiente y Desarrollo Sostenible |
|
| 245 | 1 | 1 |
_a"Experiencias significativas de participación ciudadana y conocimiento tradicional en la gestión ambiental" _cMinisterio de Ambiente y Desarrollo Sostenible, Ecofondo, UPND, GEF |
| 260 | 3 |
_aBogotá _bMinisterio de Ambiente y Desarrollo Sostenible _c2012 |
|
| 300 |
_a52 p. _bil., fot., tablas _c28 cm |
||
| 650 | 4 |
_aGestión ambiental _x Participación ciudadana _z Colombia _923077 |
|
| 650 | 4 |
_aProtección del medio ambiente _x Participación ciudadana _z Colombia _923078 |
|
| 710 | 2 |
_aEcofondo _923079 |
|
| 710 | 2 |
_aUPND _923080 |
|
| 710 | 2 |
_aGEF _923081 |
|
| 942 |
_2ddc _cImpreso |
||
| 999 |
_c8307 _d8307 |
||